_contemporary readings in sociology Kathleen Odell Korgen (Record no. 15134)
[ view plain ]
| 000 -LEADER | |
|---|---|
| fixed length control field | 00458nam a2200157Ia 4500 |
| 008 - FIXED-LENGTH DATA ELEMENTS--GENERAL INFORMATION | |
| fixed length control field | 151021s9999 xx 000 0 und d |
| 020 ## - INTERNATIONAL STANDARD BOOK NUMBER | |
| International Standard Book Number | 9.7814129447e+012 |
| 050 ## - LIBRARY OF CONGRESS CALL NUMBER | |
| Classification number | HM586 .K69 2008 |
| 245 ## - TITLE STATEMENT | |
| Title | _contemporary readings in sociology Kathleen Odell Korgen |
| 260 ## - PUBLICATION, DISTRIBUTION, ETC. (IMPRINT) | |
| Place of publication, distribution, etc. | Los Angeles Pine Forge 2008 |
| 300 ## - PHYSICAL DESCRIPTION | |
| Extent | xxi,270p. |
| 500 ## - GENERAL NOTE | |
| General note | includes index. |
| 500 ## - GENERAL NOTE | |
| General note | includes index. |
| 650 ## - SUBJECT ADDED ENTRY--TOPICAL TERM | |
| Topical term or geographic name as entry element | _Sociology |
| 980 ## - EQUIVALENCE OR CROSS-REFERENCE-SERIES STATEMENT--PERSONAL NAME/TITLE [LOCAL, CANADA] | |
| Personal name | ^d20150423 10:48:53^oanne |
No items available.